Príčiny a dôsledky rastu zadlženosti slovenských domácností
Vývoj úrovne zadlženia domácností vo svete. Špecifiká zadlženosti slovenských domácností. Aj keď zadlženosť slovenských domácností nie je v porovnaní s ostatnými európskymi krajinami vysoká, Národná banka Slovenska varuje pred rizikami jej rýchleho rastu.
Enregistré dans:
| Auteur principal: | |
|---|---|
| Format: | Chapitre de livre |
| Langue: | slovaque |
| Sujets: | |
| Tags: |
Pas de tags, Soyez le premier à ajouter un tag!
|
MARC
| LEADER | 00000nla a2200000 4500 | ||
|---|---|---|---|
| 001 | 0242572 | ||
| 005 | 20240417075137.9 | ||
| 041 | 0 | |a slo | |
| 044 | |a CZ | ||
| 245 | 1 | 0 | |a Príčiny a dôsledky rastu zadlženosti slovenských domácností |c Ľudmila Fabová |
| 520 | |a Vývoj úrovne zadlženia domácností vo svete. Špecifiká zadlženosti slovenských domácností. Aj keď zadlženosť slovenských domácností nie je v porovnaní s ostatnými európskymi krajinami vysoká, Národná banka Slovenska varuje pred rizikami jej rýchleho rastu. | ||
| 610 | 2 | 0 | |a Slovensko |
| 610 | 2 | 0 | |a zadlženosť vnútorná |
| 610 | 2 | 0 | |a domácnosti |
| 610 | 2 | 0 | |a banky |
| 100 | 1 | |a Fabová, Ľudmila | |